Natursteine - Statistiken

Allgemein
  • Dieses Quiz wurde 8 mal gespielt
  • Das Durchschnittsergebnis liegt bei 9 aus 24
Antwortstatistiken
Bildquiz Antwort % Korrekt
Marmor
86%
Granit
71%
Basalt
43%
Bims
43%
Gabbro
43%
Kalkstein
43%
Rhyolit
43%
Sandstein
43%
Schiefer
43%
Brekzie
29%
Dolomit
29%
Glimmerschiefer
29%
Kalktuff
29%
Muschelkalk
29%
Nagelfluh
29%
Orthogneis
29%
Paragneis
29%
Quarzit
29%
Serpentinit
29%
Sinterkalk
29%
Syenit
29%
Traventin
29%
Tuff
29%
Trachyt
14%
Keine übereinstimmenden Quizze gefunden
Verteilung der Resultate
Anzahl Personen mit jedem Resultat
Perzentil nach korrekt beantworteten Fragen
Ihre Resultats-Entwicklung
Sie haben dieses Quiz noch nicht gespielt